000 01551nam a2200397 i 4500
001 65563
003 FlNmELB
005 20241217142636.0
006 m o d |
007 cr cnu||||||||
008 140210s2013 cl o 001 0 spa d
020 _z9789562849784
020 _a9781449294984 (e-book)
035 _a(MiAaPQ)EBC3216976
035 _a(Au-PeEL)EBL3216976
035 _a(CaPaEBR)ebr10820484
035 _a(OCoLC)991920057
040 _aFINmELB
_bspa
_erda
_cFINmELB
050 4 _aHD58.9
_bP977 2013
082 0 _a658.4
_223
100 1 _aPucheu Moris, Juan Andrés.
245 1 3 _aLo que cambia son las personas :
_bcasos de gestión del cambio en empresas, Estado y ONGs /
_cJuan Andrés Pucheu Moris.
264 1 _aProvidencia, Santiago de Chile :
_bRIL editores,
_c2013.
300 _a1 recurso en línea
336 _atexto
_btxt
_2rdacontent/spa
337 _acomputadora
_bc
_2rdamedia/spa
338 _arecurso en línea
_bcr
_2rdacarrier/spa
500 _aContiene índice.
588 _aDescripción basada en recurso en línea; Título de la página del título en PDF (e-libro, visto February 10, 2014).
590 _aRecurso electrónico. Santa Fe, Arg.: e-libro, 2015. Disponible vía World Wide Web. El acceso puede estar limitado para las bibliotecas afiliadas a e-libro.
650 4 _aEfectividad organizacional.
650 0 _aOrganizational effectiveness.
655 4 _aLibros electrónicos.
797 2 _ae-libro, Corp.
856 4 0 _uhttps://elibro.net/ereader/politecnicointernacional/68334
999 _c65563
_d65563